Etica actual y profesional (Registro nro. 239)

Detalles MARC
000 -LEADER
fixed length control field 01592 a2200217 4500
001 - CONTROL NUMBER
control field 1970
005 - DATE AND TIME OF LATEST TRANSACTION
control field 20260407155422.0
008 - FIXED-LENGTH DATA ELEMENTS--GENERAL INFORMATION
fixed length control field 260407a2006 arg spa d
003 - CONTROL NUMBER IDENTIFIER
control field AR-UNSa-BCEJYS
040 ## - CATALOGING SOURCE
Original cataloging agency AR-UNSa-BCEJYS
Language of cataloging spa
Transcribing agency AR-UNSa-BCEJYS
080 ## - UNIVERSAL DECIMAL CLASSIFICATION NUMBER
Universal Decimal Classification number 174
Common auxiliary subdivision Etica Profesional
020 ## - INTERNATIONAL STANDARD BOOK NUMBER
International Standard Book Number 978-970-686-629-5
100 1# - MAIN ENTRY--PERSONAL NAME
Personal name Hernández Baqueiro, Alberto
245 10 - TITLE STATEMENT
Title Etica actual y profesional
Name of part/section of a work lecturas para la convivencia global en el siglo XXI
264 #1 - PRODUCTION, PUBLICATION, DISTRIBUTION, MANUFACTURE, AND COPYRIGHT NOTICE
Place of production, publication, distribution, manufacture México :
Name of producer, publisher, distributor, manufacturer Cengage Learning Editores
Date of production, publication, distribution, manufacture, or copyright notice 2006
300 ## - PHYSICAL DESCRIPTION
Extent xii, 460 p.
Dimensions 24 cm.
505 ## - FORMATTED CONTENTS NOTE
Formatted contents note 1. El estudio de la ética y las morales particulares - 2. La ética y la vida - 3. Presupuestos epistemológicos y antropológicos de la ética - 4. Desarrollo moral - 5. Industria de la cultura e influencia en la formación del carácter narcisista - 6. Etica y derechos humanos - 7. Discriminación y tolerancia - 8. Etica y cultura: importancia de la racionalidad hermenéutica - 9. Etica y desarrollo - 10. Etica en la ciencia - 11. Complejidad social y corrupción - 12. El conocimiento que viene: la bioética - 13. La ética profesional frente a la ética general - 14. Trabajo y profesión en la vida contemporánea - 15. Valores éticos empresariales - 16. Etica interna en las organizaciones lucrativas - 17. La ética en el derecho - 18. Etica y política (comentarios a la sistematización propuesta por Norberto Bobbio)<br/>
590 ## - LOCAL NOTE (RLIN)
Local note niveau_biblio:m niveau_hierar:0
856 41 - ELECTRONIC LOCATION AND ACCESS
Uniform Resource Identifier <a href="https://biblioeco.unsa.edu.ar/pmb/images/libros/Etica actual y profesional2-l118268.jpg">https://biblioeco.unsa.edu.ar/pmb/images/libros/Etica actual y profesional2-l118268.jpg</a>
Link text Imagen de portada
Electronic format type image/jpeg
942 ## - ADDED ENTRY ELEMENTS (KOHA)
Koha item type
Existencias
Withdrawn status Lost status Damaged status Not for loan Home library Current library Shelving location Date acquired Total checkouts Full call number Barcode Date last seen Price effective from Koha item type
        Biblioteca Prof. Eusebio Cleto del Rey Biblioteca Prof. Eusebio Cleto del Rey   07/04/2026   174 H557 L118269 07/04/2026 07/04/2026 Libro
        Biblioteca Prof. Eusebio Cleto del Rey Biblioteca Prof. Eusebio Cleto del Rey   07/04/2026   174 H557 L118268 07/04/2026 07/04/2026 Libro